Statistics for Country and Capital Neighbour Connect with Jumps and Disappearing World Map: Southernmost

Click here to take the quiz!

General Stats

  • This quiz has been taken 500 times
  • The average score is 288 of 392

Answers on the Map

Answers color-coded by a green-red scale on the quiz's map according to % correct below.
 

Answer Stats

HintHintCountry/Capital% Correct
776.7391.9New Zealand
100%
776.7391.9Wellington
99%
218384Chile
97%
234373Argentina
96%
236319Bolivia
93%
234373Buenos Aires
93%
254.9370.2Montevideo
93%
218384Santiago
93%
248.9339.7Asunción
92%
216.3247.5Bogotá
92%
266294Brasília
92%
266294Brazil
92%
232235Caracas
92%
216.3247.5Colombia
92%
204265.5Ecuador
92%
248242Georgetown
92%
248242Guyana
92%
236319La Paz
92%
208292Lima
92%
248.9339.7Paraguay
92%
254.4248.1Paramaribo
92%
208292Peru
92%
204265.5Quito
92%
254.4248.1Suriname
92%
254.9370.2Uruguay
92%
232235Venezuela
92%
683342Australia
90%
683342Canberra
90%
444360.5Lesotho
89%
444360.5Maseru
89%
431365South Africa
89%
398230.8Abuja
88%
378.2234.5Accra
88%
420301.2Angola
88%
377202.2Bamako
88%
427.6239Bangui
88%
385.7225Benin
88%
435336.1Botswana
88%
416.9260.5Brazzaville
88%
447.8272.6Bujumbura
88%
377219Burkina Faso
88%
447.8272.6Burundi
88%
407247Cameroon
88%
427.6239Central African Republic
88%
353.3224.2Conakry
88%
368235.9Cote d'Ivoire
88%
433267.2Democratic Republic of the Congo
88%
459.1282.5Dodoma
88%
404255.8Equatorial Guinea
88%
470234.2Ethiopia
88%
354232.9Freetown
88%
406.5264Gabon
88%
435336.1Gaborone
88%
378.2234.5Ghana
88%
353.3224.2Guinea
88%
447325Harare
88%
449.6239.5Juba
88%
453.1256.6Kampala
88%
465.8259.9Kenya
88%
447.8267.7Kigali
88%
433267.2Kinshasa
88%
359.2239.6Liberia
88%
406.5264Libreville
88%
456307Lilongwe
88%
383232.4Lomé
88%
420301.2Luanda
88%
438310Lusaka
88%
404255.8Malabo
88%
456307Malawi
88%
467309.5Maputo
88%
451.3350.1Mbabane
88%
488230Mogadishu
88%
359.2239.6Monrovia
88%
467309.5Mozambique
88%
465.8259.9Nairobi
88%
418328Namibia
88%
422.6209.4N'Djamena
88%
403.3203.9Niamey
88%
398230.8Nigeria
88%
377219Ouagadougou
88%
385.7225Porto-Novo
88%
431365Pretoria
88%
416.9260.5Republic of the Congo
88%
447.8267.7Rwanda
88%
354232.9Sierra Leone
88%
488230Somalia
88%
449.6239.5South Sudan
88%
451.3350.1Swaziland
88%
459.1282.5Tanzania
88%
383232.4Togo
88%
453.1256.6Uganda
88%
418328Windhoek
88%
368235.9Yamoussoukro
88%
407247Yaoundé
88%
438310Zambia
88%
447325Zimbabwe
88%
470234.2Addis Ababa
87%
344216Banjul
87%
347.7220.3Bissau
87%
422.6209.4Chad
87%
347212Dakar
87%
476.4221.6Djibouti
87%
476.4221.6Djibouti (cap)
87%
344216Gambia
87%
347.7220.3Guinea-Bissau
87%
377202.2Mali
87%
403.3203.9Niger
87%
347212Senegal
87%
448.5209.5Sudan
87%
384.2167.2Algeria
86%
384.2167.2Algiers
86%
466.3209.2Asmara
86%
447171.3Cairo
86%
447171.3Egypt
86%
466.3209.2Eritrea
86%
459157Israel
86%
462.3158.9Jordan
86%
448.5209.5Khartoum
86%
419.3172.9Libya
86%
354195.5Mauritania
86%
366153.5Morocco
86%
354195.5Nouakchott
86%
366153.5Rabat
86%
419.3172.9Tripoli
86%
502182.5Abu Dhabi
85%
495.7176.2Doha
85%
509.33187.2Muscat
85%
509.33187.2Oman
85%
495.7176.2Qatar
85%
482.1179.9Riyadh
85%
488.3208.2Sana'a
85%
482.1179.9Saudi Arabia
85%
502182.5United Arab Emirates
85%
488.3208.2Yemen
85%
798.1328.7Tonga
84%
486324.3Antananarivo
83%
802.8307.7Apia
83%
782.9320.1Fiji
83%
486324.3Madagascar
83%
510.1329.1Mauritius
83%
798.1328.7Nukuʻalofa
83%
510.1329.1Port Louis
83%
802.8307.7Samoa
83%
782.9320.1Suva
83%
755.5318.6Vanuatu
83%
479.4301.4Comoros
82%
664.3290.8Dili
82%
664.3290.8East Timor
82%
635.5264Indonesia
82%
635.5264Jakarta
82%
610.3247.2Kuala Lumpur
82%
610.3247.2Malaysia
82%
479.4301.4Moroni
82%
703.7282.4Papua New Guinea
82%
703.7282.4Port Moresby
82%
755.5318.6Port Vila
82%
638.6246.1Bandar Seri Begawan
81%
638.6246.1Brunei
81%
742.1295Solomon Islands
81%
804.5282.8Tuvalu
81%
804.5282.8Funafuti
80%
742.1295Honiara
80%
756.2263.4Nauru
80%
505.5277Seychelles
80%
505.5277Victoria
80%
756.2263.4Yaren
80%
21272Kiribati
77%
395.5260.6São Tomé
77%
395.5260.6São Tomé and Príncipe
77%
545.9248.9Maldives
76%
545.9248.9Malé
76%
614.2256.7Singapore
76%
614.2256.7Singapore (cap)
76%
21272South Tarawa
76%
717.7235.2Federated States of Micronesia
75%
562235.3Sri Jayawardenepura Kotte
75%
562235.3Sri Lanka
75%
180.9203.6Belize
74%
180.9203.6Belmopan
74%
14366Canada
74%
192228Costa Rica
74%
180.4215El Salvador
74%
177.4210Guatemala
74%
177.4210Guatemala City
74%
184.5210.7Honduras
74%
188.2218.1Managua
74%
760.6232.2Marshall Islands
74%
151182Mexico
74%
151182Mexico City
74%
188.2218.1Nicaragua
74%
14366Ottawa
74%
680.5241.3Palau
74%
717.7235.2Palikir
74%
198232.5Panama
74%
198232.5Panama City
74%
242.5226.6Port-of-Spain
74%
192228San José
74%
180.4215San Salvador
74%
184.5210.7Tegucigalpa
74%
242.5226.6Trinidad and Tobago
74%
153129United States
74%
153129Washington D.C.
74%
760.6232.2Majuro
73%
657220.6Manila
73%
680.5241.3Ngerulmud
73%
657220.6Philippines
73%
608207.9Bangkok
72%
616219.1Cambodia
72%
556185.9India
72%
610.3194.9Laos
72%
597188.5Myanmar
72%
597188.5Naypyidaw
72%
616219.1Phnom Penh
72%
608207.9Thailand
72%
610.3194.9Vientiane
72%
624.3219.9Vietnam
72%
583181.8Bangladesh
71%
615140.9Beijing
71%
584.1169.4Bhutan
71%
615140.9China
71%
583181.8Dhaka
71%
624.3219.9Hanoi
71%
569.8166.5Kathmandu
71%
569.8166.5Nepal
71%
556185.9New Delhi
71%
584.1169.4Thimphu
71%
241.6220.6Grenada
70%
241.6220.6Saint George's
70%
246.5217Barbados
69%
246.5217Bridgetown
69%
326.7206.9Cape Verde
69%
243.2214.6Saint Lucia
69%
242.7216.8Saint Vincent and the Grenadines
69%
241.4204Antigua and Barbuda
68%
239.4203.4Basseterre
68%
243.2214.6Castries
68%
206190.2Cuba
68%
242.4209.5Dominica
68%
221197Dominican Republic
68%
218196Haiti
68%
206190.2Havana
68%
206200.2Jamaica
68%
206200.2Kingston
68%
242.7216.8Kingstown
68%
218196Port-au-Prince
68%
326.7206.9Praia
68%
241.4204Saint John's
68%
239.4203.4Saint Kitts and Nevis
68%
221197Santo Domingo
68%
652.9182.1Taipei
68%
652.9182.1Taiwan
68%
209180.9Bahamas
67%
209180.9Nassau
67%
242.4209.5Roseau
67%
494.3174Bahrain
66%
535.7164.2Islamabad
66%
494.3174Manama
66%
535.7164.2Pakistan
66%
462.3158.9Amman
65%
501.3152.5Iran
65%
478.8149.9Iraq
65%
459157Jerusalem
65%
478.8149.9Baghdad
64%
467143Damascus
64%
487162.9Kuwait
64%
487162.9Kuwait City
64%
501.3152.5Tehran
64%
528149.2Afghanistan
63%
513130.6Ashgabat
63%
533100Astana
63%
487.6125Azerbaijan
63%
461.7146.8Beirut
63%
548122Bishkek
63%
545.2133.5Dushanbe
63%
528149.2Kabul
63%
533100Kazakhstan
63%
548122Kyrgyzstan
63%
461.7146.8Lebanon
63%
57752Moscow
63%
665.7127North Korea
63%
665.7127Pyongyang
63%
57752Russia
63%
669139Seoul
63%
669139South Korea
63%
467143Syria
63%
545.2133.5Tajikistan
63%
525122.5Tashkent
63%
460.3130.6Turkey
63%
513130.6Turkmenistan
63%
525122.5Uzbekistan
63%
401148Tunis
62%
401148Tunisia
62%
455.3143.7Cyprus
61%
455.3143.7Nicosia
61%
460.3130.6Ankara
60%
480.5125Armenia
60%
430129Athens
60%
487.6125Baku
60%
479120Georgia
60%
430129Greece
60%
693.3140Japan
60%
412.9141.1Malta
60%
479120Tbilisi
60%
693.3140Tokyo
60%
412.9141.1Valletta
60%
480.5125Yerevan
60%
384118.7Andorra
59%
384118.7Andorra la Vella
59%
386105France
59%
416.4124.2Italy
59%
361.7127.6Lisbon
59%
372127.5Madrid
59%
361.7127.6Portugal
59%
416.4124.2Rome
59%
372127.5Spain
59%
408.5120.7Vatican City
59%
408.5120.7Vatican City (cap)
59%
425.5124Albania
58%
437.8117.9Bulgaria
58%
427.5118.5Kosovo
58%
429.5121.7Macedonia
58%
423.7117.8Montenegro
58%
423.7117.8Podgorica
58%
427.5118.5Pristina
58%
408.5113.9San Marino
58%
408.5113.9San Marino (cap)
58%
421113Sarajevo
58%
427.6113Serbia
58%
429.5121.7Skopje
58%
437.8117.9Sofia
58%
425.5124Tirana
58%
427.6113Belgrade
57%
421113Bosnia and Herzegovina
57%
436.7107.1Bucharest
57%
418108Croatia
57%
418108Zagreb
57%
414.2100.9Austria
56%
398.4103.5Bern
56%
42398Bratislava
56%
424.4103.1Budapest
56%
444.4102Chișinău
56%
41493.8Czech Republic
56%
40489.9Germany
56%
424.4103.1Hungary
56%
402103.1Liechtenstein
56%
413106.5Ljubljana
56%
444.4102Moldova
56%
41493.8Prague
56%
436.7107.1Romania
56%
42398Slovakia
56%
413106.5Slovenia
56%
398.4103.5Switzerland
56%
450.696Ukraine
56%
402103.1Vaduz
56%
414.2100.9Vienna
56%
450.696Kiev
55%
394.394.2Luxembourg
55%
394.394.2Luxembourg (cap)
55%
397.2114.5Monaco
55%
397.2114.5Monaco (cap)
55%
614.2104.1Mongolia
55%
386105Paris
55%
423.687.1Poland
55%
614.2104.1Ulaanbaatar
55%
39386.9Amsterdam
54%
443.481.2Belarus
54%
39191Belgium
54%
40489.9Berlin
54%
39191Brussels
54%
443.481.2Minsk
54%
39386.9Netherlands
54%
423.687.1Warsaw
54%
43964.8Estonia
53%
43752Finland
53%
43752Helsinki
53%
34143Iceland
53%
43870.6Latvia
53%
434.376.3Lithuania
53%
401.757Norway
53%
401.757Oslo
53%
34143Reykjavík
53%
43870.6Riga
53%
414.360.5Stockholm
53%
414.360.5Sweden
53%
43964.8Tallinn
53%
37786United Kingdom
53%
434.376.3Vilnius
53%
36382.5Dublin
52%
36382.5Ireland
52%
37786London
52%
401.573.5Copenhagen
51%
401.573.5Denmark
51%

Score Distribution

Percentile by Number Answered

Percent of People with Each Score

Your Score History

You have not taken this quiz